Využitie polynomiálnych algoritmov pre riešenie úloh lineárneho programovania diplomová práca

Gespeichert in:
Bibliographische Detailangaben
1. Verfasser: Šipošová, Jana
Körperschaft: Fakulta hospodárskej informatiky EU. Katedra operačného výskumu a ekonometrie
Weitere Verfasser: Fendek, Michal
Format: Buch
Sprache:Slowakisch
Veröffentlicht: Bratislava 2016
Tags: Tag hinzufügen
Keine Tags, Fügen Sie das erste Tag hinzu!

MARC

LEADER 00000nbm a2200000 4500
001 0216845
005 20170215095159.0
041 0 |a slo 
044 |a SK 
245 1 0 |a Využitie polynomiálnych algoritmov pre riešenie úloh lineárneho programovania  |b diplomová práca  |c Jana Šipošová ; školiteľ: Michal Fendek 
264 1 |a Bratislava  |c 2016 
300 |a 56 s. 
100 1 |a Šipošová, Jana 
700 1 |a Fendek, Michal 
710 2 |a Fakulta hospodárskej informatiky EU. Katedra operačného výskumu a ekonometrie